01218nam a2200289Ia 450000500170000000800410001702000150005804000180007304100080009124500850009926000570018430000170024149000640025850400280032250501250035065000430047565000620051865000390058065000520061965000520067165000520072365000170077570000250079270000260081771000500084371000350089320140217111258.0130821s2008 ck gr spa  a9586651103 aCo-BoUCMbspa00aspa13aLa mirada de los juecescCristina Motta y Macarena Sáez; editoras académicas aBogotá (Colombia)bSiglo del Hombre Editoresc2008 a2volúmenes aBiblioteca Universitaria.aCiencias Sociales y Humanidades. aIncluye bibliografía. gV.1tGénero en la jurisprudencia latinoamericana. --gV.2tSexualidades diversas en la jurisprudencia latinoamericana.04aDerechos de la mujerzAmérica Latina04aDiscriminación sexual contra la mujerzAmérica Latina04aHeterosexualidadzAmérica Latina04aHomosexualidadxLegislaciónzAmérica Latina04aMujeresxCondiciones socialeszAmérica Latina04aSexualidadvAspectos socialeszAmérica Latina04aSociología aMotta, Cristinaeed.1 aSáez, Macarenaeed.1 aAmerican University Washington College of Law1 aCenter for Reproductive Rights